000 00919cam a2200313 i 4500
001 4422047
003 ARRUPE
005 20161024102603.0
008 741209s1975 nyu b 001 0 eng
010 _a74031474
020 _a0816402639 :
035 _a(OCoLC)1130111
035 _a(OCoLC)ocm01130111
035 _a(NNC)4422047
040 _aDLC
_cDLC
_dOCoLC
_dNNUT
050 0 _aBT83.57.C67
090 _aBT83.57
_b.C67
100 1 _aCone, James H.
_926908
245 1 0 _aGod of the oppressed /
_cJames H. Cone.
260 _aNew York :
_bSeabury Press,
_cc1975.
300 _aviii, 280 p. ;
_c22 cm.
500 _a"A Crossroad book."
504 _aIncludes bibliographical references and index.
650 0 _aLiberation theology.
_xAddresses
_926909
650 0 _aAfrican Americans
_xReligion.
_xAddresses
_926910
650 0 _aTheology.
_xAddresses
_926911
942 _2lcc
_cMONOGRAPH
999 _c125556
_d125556